Legendarne brawlerzy - Statystyki

Ogólne statystyki
  • Ten quiz został rozwiązany 21 razy
  • Średni wynik to 9 z 11
Statystyki odpowiedzi
Hint Odpowiedź % Poprawnych
Fire Amber
92%
Bird Crow
92%
Cat Kit
92%
Lolly Leon
92%
Bot Surge
92%
Bot Meg
83%
Sleepy Sandy
83%
Sahara Spike
83%
Clown Chester
75%
Sushi Kenji
75%
?? Cordelius
50%
Nie znaleziono quizów pasujących do podanych kryteriów
Rozkład punktacji
Procent ludzi z każdym wynikiem
Percentyl według liczby udzielonych odpowiedzi
Twoja historia wyników
Nie rozwiązałeś tego quizu